[Event "First Saturday 2009 augusztus FM-B"]
[Site "Budapest"]
[Date "2009.08.01"]
[Round "1"]
[White "Jensen, Leif"]
[Black "Christensen, Henrik"]
[Result "1/2-1/2"]
[WhiteElo "2027"]
[BlackElo "2080"]
[PlyCount "28"]
[EventDate "2009.08.01"]

1. d4 Nf6 2. c4 e6 3. Nc3 Bb4 4. Qc2 d6 5. a3 Bxc3+ 6. Qxc3 Nbd7 7. Nf3 b6 8.
b4 a5 9. Bb2 O-O 10. e3 Bb7 11. Bd3 Ne4 12. Qc1 f5 13. O-O axb4 14. axb4 Qe7
1/2-1/2

[Event "First Saturday 2009 augusztus FM-B"]
[Site "Budapest"]
[Date "2009.08.01"]
[Round "1"]
[White "Bryn, Thomas"]
[Black "Borda, Lajos"]
[Result "0-1"]
[WhiteElo "2024"]
[BlackElo "2070"]
[PlyCount "78"]
[EventDate "2009.08.01"]

1. d4 Nf6 2. c4 g6 3. Nc3 Bg7 4. e4 d6 5. f4 O-O 6. Nf3 c5 7. d5 e6 8. Be2 exd5
9. cxd5 b5 10. e5 Nfd7 11. O-O a6 12. a4 b4 13. Ne4 dxe5 14. fxe5 Nxe5 15. Bg5
f6 16. Be3 Re8 17. Qd2 Ng4 18. d6 Nxe3 19. Qxe3 Kh8 20. Qf4 Nd7 21. Qh4 Bb7 22.
Bd3 c4 23. Bb1 Bd5 24. Rd1 Bg8 25. Ned2 f5 26. Ng5 Bxb2 27. Ra2 Bf6 28. Ndf3
Ne5 29. Qh6 b3 30. Rad2 c3 31. Rd5 Ng4 32. Qh4 c2 33. Rc1 cxb1=Q 34. Rxb1 h6
35. d7 Bxd5 36. dxe8=Q+ Qxe8 37. h3 Qe3+ 38. Kh1 Bxf3 39. hxg4 Bxg5 0-1

[Event "First Saturday 2009 augusztus FM-B"]
[Site "Budapest"]
[Date "2009.08.01"]
[Round "1"]
[White "Paouris, Nikolaos"]
[Black "Kabai, Zsuzsanna"]
[Result "1/2-1/2"]
[WhiteElo "1897"]
[BlackElo "2062"]
[PlyCount "105"]
[EventDate "2009.08.01"]

1. Nf3 d5 2. c4 c6 3. g3 Nf6 4. Bg2 Bf5 5. b3 e6 6. O-O Bd6 7. Bb2 Nbd7 8. d3
Qc7 9. Qc2 O-O 10. Nbd2 Bg6 11. a3 a5 12. Rfc1 Rfc8 13. Bc3 Ne5 14. Qb2 Nxf3+
15. Nxf3 Qe7 16. b4 dxc4 17. dxc4 axb4 18. axb4 Be4 19. c5 Bc7 20. Nd2 Bxg2 21.
Kxg2 Ne8 22. Nc4 f6 23. Ra2 e5 24. Rca1 Rxa2 25. Qxa2 Qe6 26. Bd2 Rd8 27. Be3
Kf7 28. Qc2 Qd5+ 29. f3 g6 30. Ra7 Rb8 31. Na3 Bd8 32. b5 Nc7 33. bxc6 Qxc6 34.
Qc4+ Kg7 35. Ra4 Nd5 36. Bf2 Be7 37. Nb5 Nc7 38. Na7 Qe6 39. Qc2 Ra8 40. Qb1
Rb8 41. Rb4 Qa6 42. Rb6 Qxa7 43. c6 Qa4 44. Rxb7 Rc8 45. Qb6 Nd5 46. Qc5 Qxc6
47. Rxe7+ Nxe7 48. Qxe7+ Kg8 49. Be3 Rc7 50. Qd8+ Kg7 51. h4 Qc2 52. Kf2 Rf7
53. g4 1/2-1/2

[Event "First Saturday 2009 augusztus FM-B"]
[Site "Budapest"]
[Date "2009.08.01"]
[Round "1"]
[White "Trajber, Csaba dr"]
[Black "Lakat, Gyula"]
[Result "1/2-1/2"]
[WhiteElo "2099"]
[BlackElo "1970"]
[PlyCount "58"]
[EventDate "2009.08.01"]

1. e4 c5 2. Nf3 d6 3. d4 cxd4 4. Nxd4 a6 5. c4 g6 6. Nc3 Bg7 7. Be3 Nc6 8. Be2
Nf6 9. O-O O-O 10. h3 Nxd4 11. Bxd4 e5 12. Be3 Be6 13. b3 Rc8 14. Rc1 Rc6 15.
f4 Qc8 16. Qd3 exf4 17. Bxf4 Ne8 18. Nd5 Qd8 19. Rcd1 Kh8 20. Qg3 f5 21. Bg5
Qd7 22. Qh4 Bxd5 23. exd5 Rc8 24. g4 Nf6 25. Bd3 Ne4 26. gxf5 gxf5 27. Bf4 Rg8
28. Kh2 Bf6 29. Qh5 Rg6 1/2-1/2

[Event "First Saturday 2009 augusztus FM-B"]
[Site "Budapest"]
[Date "2009.08.01"]
[Round "1"]
[White "Yip, Michael"]
[Black "Katona, Gabor Zsolt"]
[Result "1/2-1/2"]
[WhiteElo "2045"]
[BlackElo "1977"]
[PlyCount "41"]
[EventDate "2009.08.01"]

1. d4 d5 2. c4 c6 3. Nf3 Nf6 4. Nc3 e6 5. Bg5 Be7 6. e3 O-O 7. Rc1 Nbd7 8. Bd3
dxc4 9. Bxc4 h6 10. Bh4 Nb6 11. Bd3 Nbd5 12. O-O Nxc3 13. Rxc3 Nd5 14. Bg3 Nxc3
15. bxc3 e5 16. Nxe5 Bd6 17. Bb1 Bxe5 18. Qc2 g6 19. Bxe5 Kh7 20. c4 Be6 21.
Rd1 1/2-1/2

[Event "First Saturday 2009 augusztus FM-B"]
[Site "Budapest"]
[Date "2009.08.02"]
[Round "2"]
[White "Lakat, Gyula"]
[Black "Yip, Michael"]
[Result "1/2-1/2"]
[WhiteElo "1970"]
[BlackElo "2045"]
[PlyCount "93"]
[EventDate "2009.08.01"]

1. c4 c6 2. Nc3 d5 3. d4 Nf6 4. e3 a6 5. a3 Nbd7 6. Nf3 g6 7. b3 Bg7 8. Bb2 O-O
9. Bd3 b5 10. O-O Bb7 11. c5 e5 12. Bc2 Qc7 13. b4 e4 14. Nd2 Rfe8 15. f3 exf3
16. Rxf3 Nf8 17. e4 Ng4 18. e5 f5 19. h3 Nh6 20. Ne2 Ne6 21. h4 Qe7 22. Qe1 Rf8
23. Qg3 Kh8 24. Re1 Nf7 25. h5 Nfg5 26. Rff1 Bh6 27. Bc1 Rae8 28. hxg6 hxg6 29.
Nb3 Bc8 30. Na5 Bd7 31. Nb7 Qh7 32. Nd6 Re7 33. Rd1 Kg7 34. Rf2 Kh8 35. Kf1 Ne4
36. Bxe4 fxe4 37. Bxh6 Qxh6 38. Rf6 Rg7 39. Kg1 Rh7 40. Rxf8+ Nxf8 41. Kf2 Ne6
42. Rf1 Qd2 43. Qe3 Qb2 44. Kg1 Kg8 45. Kf2 Rh5 46. Qc1 Qa2 47. Qe3 1/2-1/2

[Event "First Saturday 2009 augusztus FM-B"]
[Site "Budapest"]
[Date "2009.08.02"]
[Round "2"]
[White "Kabai, Zsuzsanna"]
[Black "Trajber, Csaba dr"]
[Result "1-0"]
[WhiteElo "2062"]
[BlackElo "2099"]
[PlyCount "127"]
[EventDate "2009.08.01"]

1. d4 f5 2. g3 Nf6 3. Bg2 e6 4. c4 d5 5. Nf3 c6 6. Qc2 Bd6 7. O-O O-O 8. b3 b6
9. Bb2 Bb7 10. Nc3 Ne4 11. Rfd1 Nd7 12. Rac1 Qe7 13. Ne1 Qg5 14. e3 Rac8 15.
cxd5 exd5 16. Nd3 Rce8 17. Re1 Re6 18. f4 Qe7 19. Ne5 Nxe5 20. dxe5 Bb4 21.
Red1 g5 22. Nxe4 fxe4 23. Qe2 Rg6 24. Rf1 Bc8 25. Bd4 Ba3 26. Bb2 Bc5 27. Kh1
gxf4 28. Rxf4 Rxf4 29. exf4 Bg4 30. Qd2 Qe6 31. Bd4 Ba3 32. Bb2 e3 33. Qc3 Bxb2
34. Qxb2 c5 35. Re1 e2 36. Qd2 d4 37. Be4 Rg7 38. Qd3 Rd7 39. Kg2 Qh6 40. h4
Qe6 41. Bf3 Bf5 42. Qxe2 d3 43. Qd2 b5 44. Rc1 c4 45. Rc3 Rc7 46. Kf1 Bh3+ 47.
Kg1 Bg4 48. Be4 Qb6+ 49. Kg2 Qd4 50. Bf3 Be6 51. b4 a5 52. a3 axb4 53. axb4 Ra7
54. Rc1 Ra3 55. f5 Bxf5 56. Qg5+ Bg6 57. h5 d2 58. Rd1 Rxf3 59. Kxf3 Qe4+ 60.
Kf2 c3 61. hxg6 hxg6 62. Qd8+ Kh7 63. Qc7+ Kh6 64. Qxc3 1-0

[Event "First Saturday 2009 augusztus FM-B"]
[Site "Budapest"]
[Date "2009.08.02"]
[Round "2"]
[White "Borda, Lajos"]
[Black "Paouris, Nikolaos"]
[Result "1-0"]
[WhiteElo "2070"]
[BlackElo "1897"]
[PlyCount "67"]
[EventDate "2009.08.01"]

1. d4 d5 2. a3 Nf6 3. e3 Bf5 4. Bd3 e6 5. Ne2 c5 6. Ng3 Bg6 7. b3 Nc6 8. Bb2
Qc7 9. Nc3 a6 10. O-O cxd4 11. exd4 Bd6 12. Re1 O-O 13. Bxg6 hxg6 14. Re3 Rfc8
15. Nce2 Ne7 16. Rc1 b5 17. Qd2 Nf5 18. Rc3 Qe7 19. Rxc8+ Rxc8 20. Qa5 Nxg3 21.
hxg3 Rc6 22. Nc3 Ng4 23. Nxb5 axb5 24. Qa8+ Kh7 25. Qxc6 Bxa3 26. Bxa3 Qxa3 27.
Re1 Qb4 28. Rd1 Nf6 29. Qc5 Qa5 30. f3 g5 31. g4 Kg6 32. Kf2 Qa2 33. Qc3 Qa6
34. Qd3+ 1-0

[Event "First Saturday 2009 augusztus FM-B"]
[Site "Budapest"]
[Date "2009.08.02"]
[Round "2"]
[White "Christensen, Henrik"]
[Black "Bryn, Thomas"]
[Result "0-1"]
[WhiteElo "2080"]
[BlackElo "2024"]
[PlyCount "50"]
[EventDate "2009.08.01"]

1. d4 d5 2. Nf3 Nf6 3. c4 c6 4. e3 Bf5 5. Nc3 e6 6. Bd2 Nbd7 7. Be2 h6 8. a3
Bd6 9. b4 O-O 10. O-O dxc4 11. Bxc4 e5 12. dxe5 Nxe5 13. Be2 Qe7 14. Nd4 Bd7
15. e4 c5 16. Nc2 cxb4 17. axb4 Ng6 18. Bd3 Bxh2+ 19. Kxh2 Ng4+ 20. Kg3 Qh4+
21. Kf3 Nxf2 22. Qe1 Bg4+ 23. Ke3 Qg3+ 24. Kd4 Qxd3+ 25. Kc5 Rac8# 0-1

[Event "First Saturday 2009 augusztus FM-B"]
[Site "Budapest"]
[Date "2009.08.02"]
[Round "2"]
[White "Sipos, Gabor"]
[Black "Jensen, Leif"]
[Result "1-0"]
[WhiteElo "2185"]
[BlackElo "2027"]
[PlyCount "83"]
[EventDate "2009.08.01"]

1. d4 d5 2. c4 c6 3. Nf3 Nf6 4. g3 Bf5 5. Qb3 Qb6 6. c5 Qxb3 7. axb3 Bxb1 8.
Rxb1 Nbd7 9. e3 e5 10. b4 e4 11. Nh4 a6 12. Be2 Be7 13. O-O g5 14. Nf5 h6 15.
Bd2 g4 16. Kg2 Nf8 17. Rh1 Ng6 18. h3 gxh3+ 19. Rxh3 Bf8 20. Rbh1 Ng8 21. f3
exf3+ 22. Kxf3 Kd7 23. g4 Ke6 24. Bd3 N6e7 25. Nd6 Rb8 26. Be1 b5 27. Bg3 Ra8
28. Ra1 Ng6 29. Bf5+ Kf6 30. Nc8 h5 31. Nb6 Ra7 32. Bb8 Re7 33. Rxa6 hxg4+ 34.
Bxg4 Rxh3+ 35. Bxh3 Bh6 36. Nxd5+ Kg5 37. Nxe7 N8xe7 38. Bd7 Nd5 39. Rxc6 Nh4+
40. Ke2 Bg7 41. Rd6 Nxb4 42. c6 1-0

[Event "First Saturday 2009 augusztus FM-B"]
[Site "Budapest"]
[Date "2009.08.03"]
[Round "3"]
[White "Bryn, Thomas"]
[Black "Sipos, Gabor"]
[Result "1-0"]
[WhiteElo "2024"]
[BlackElo "2185"]
[PlyCount "53"]
[EventDate "2009.08.01"]

1. d4 Nf6 2. c4 Nc6 3. Nf3 e6 4. Nc3 Bb4 5. Qc2 d6 6. Bg5 h6 7. Bd2 Qe7 8. a3
Bxc3 9. Bxc3 a5 10. e3 a4 11. O-O-O e5 12. dxe5 dxe5 13. h3 O-O 14. g4 Nd7 15.
Be2 Nc5 16. h4 Bxg4 17. Ng5 hxg5 18. hxg5 g6 19. Bxg4 Kg7 20. f4 Rh8 21. Bf3
Rxh1 22. Rxh1 Nb3+ 23. Kb1 Rg8 24. Bxc6 bxc6 25. Bxe5+ Kf8 26. Bf6 Qe4 27. Rd1
1-0

[Event "First Saturday 2009 augusztus FM-B"]
[Site "Budapest"]
[Date "2009.08.03"]
[Round "3"]
[White "Paouris, Nikolaos"]
[Black "Christensen, Henrik"]
[Result "0-1"]
[WhiteElo "1897"]
[BlackElo "2080"]
[PlyCount "72"]
[EventDate "2009.08.01"]

1. Nf3 Nf6 2. c4 c6 3. g3 d5 4. b3 Bf5 5. Bg2 e6 6. Bb2 h6 7. O-O Nbd7 8. d3
Bd6 9. Nbd2 O-O 10. Qc2 e5 11. c5 Bc7 12. e4 Bh7 13. b4 Qe7 14. Rfe1 Rac8 15.
Nb3 b6 16. Nfd2 a5 17. exd5 cxd5 18. c6 Bd6 19. b5 a4 20. Nc1 Nc5 21. Kf1 Rfe8
22. Rb1 Qe6 23. Bd4 Qf5 24. Bxc5 Bxc5 25. Re2 Ng4 26. Nf3 Bxf2 27. Qxa4 e4 28.
Bh3 Ne3+ 29. Kxf2 Qxh3 30. Rxe3 exf3 31. Rxf3 Qxh2+ 32. Kf1 Qh1+ 33. Kf2 Re1
34. Ne2 Qf1+ 35. Ke3 Rxe2+ 36. Kd4 Qxf3 0-1

[Event "First Saturday 2009 augusztus FM-B"]
[Site "Budapest"]
[Date "2009.08.03"]
[Round "3"]
[White "Trajber, Csaba dr"]
[Black "Borda, Lajos"]
[Result "1/2-1/2"]
[WhiteElo "2099"]
[BlackElo "2070"]
[PlyCount "118"]
[EventDate "2009.08.01"]

1. e4 c5 2. Nf3 a6 3. Nc3 e6 4. d4 cxd4 5. Nxd4 Qc7 6. Be2 Bb4 7. Qd3 Nf6 8.
O-O Nc6 9. a3 Bc5 10. Nb3 Be7 11. f4 d6 12. Qg3 h5 13. Be3 Bd7 14. Qf2 b5 15.
h3 b4 16. axb4 Nxb4 17. Bf3 Rb8 18. Bd4 e5 19. Be3 Be6 20. fxe5 dxe5 21. Nc5
Bc4 22. Rfc1 Nd7 23. Nxd7 Kxd7 24. Na4 Ke8 25. b3 Bb5 26. Nb6 Rh6 27. Nd5 Nxd5
28. exd5 Rf6 29. Qe1 Bc5 30. Kh1 e4 31. Bxc5 Qxc5 32. Qxe4+ Kf8 33. c4 Bd7 34.
Rc3 Re8 35. Qh4 Re5 36. Rd1 Ref5 37. Qd4 Qa5 38. c5 Rf4 39. Qd2 Qb4 40. Rc4
Rxc4 41. bxc4 Qxc5 42. Qd4 Qa3 43. Rd3 Qc1+ 44. Kh2 Rf4 45. Rc3 Qe1 46. Qxf4
Qxc3 47. Qd6+ Ke8 48. c5 g6 49. Qb8+ Ke7 50. c6 Bf5 51. Qc7+ Kf6 52. Qd8+ Kg7
53. Qe7 Qd4 54. Kg3 Kh6 55. Qf8+ Kg5 56. Qe7+ f6 57. Qe2 a5 58. Qa2 h4+ 59. Kh2
Qf4+ 1/2-1/2

[Event "First Saturday 2009 augusztus FM-B"]
[Site "Budapest"]
[Date "2009.08.03"]
[Round "3"]
[White "Yip, Michael"]
[Black "Kabai, Zsuzsanna"]
[Result "1/2-1/2"]
[WhiteElo "2045"]
[BlackElo "2062"]
[PlyCount "133"]
[EventDate "2009.08.01"]

1. d4 d5 2. c4 c6 3. Nf3 Nf6 4. Nc3 dxc4 5. a4 Bf5 6. Ne5 Nbd7 7. Nxc4 Nb6 8.
Ne5 a5 9. Bg5 h6 10. Bh4 e6 11. f3 Be7 12. e4 Bh7 13. Bf2 Nfd7 14. Nd3 O-O 15.
Be2 Rc8 16. O-O Bf6 17. Qb3 Be7 18. Rfd1 Ra8 19. Rac1 Re8 20. Bf1 Bd6 21. g3
Kh8 22. Bg2 Bc7 23. Qa2 Bd6 24. b3 Kg8 25. f4 Rc8 26. Nc5 Rb8 27. Qd2 Qe7 28.
Nb1 g5 29. Nc3 Nxc5 30. dxc5 Bxc5 31. Ne2 Bxf2+ 32. Kxf2 Red8 33. Qxa5 Nd7 34.
Qc7 gxf4 35. Nxf4 Kf8 36. Qa5 Nf6 37. e5 Nd5 38. Bxd5 exd5 39. Re1 Be4 40. e6
Qf6 41. Qc5+ Kg8 42. exf7+ Qxf7 43. Qd4 Qf5 44. b4 Qg4 45. Re3 Rf8 46. Ke1 Rf7
47. Kd2 Rbf8 48. Kc3 Kh7 49. Rce1 Re8 50. a5 Rfe7 51. R1e2 Kg8 52. Re1 Kh7 53.
Qf6 Rd7 54. Qd4 Rde7 55. h3 Qf5 56. h4 h5 57. R1e2 Rg7 58. Rf2 Reg8 59. Nd3 Qg4
60. Ne5 Qe6 61. Rxe4 dxe4 62. Qxe4+ Kh6 63. Nf7+ Qxf7 64. Rxf7 Rxf7 65. Qe6+
Kg7 66. Qe5+ Kh6 67. Qe6+ 1/2-1/2

[Event "First Saturday 2009 augusztus FM-B"]
[Site "Budapest"]
[Date "2009.08.03"]
[Round "3"]
[White "Katona, Gabor Zsolt"]
[Black "Lakat, Gyula"]
[Result "0-1"]
[WhiteElo "1977"]
[BlackElo "1970"]
[PlyCount "100"]
[EventDate "2009.08.01"]

1. e4 c5 2. Nf3 d6 3. d4 cxd4 4. Nxd4 Nf6 5. Nc3 a6 6. Bg5 e6 7. Qd2 Be7 8.
O-O-O Nbd7 9. Be2 Qc7 10. Kb1 h6 11. Be3 Nc5 12. f3 Bd7 13. g4 b5 14. a3 Rb8
15. b4 O-O 16. bxc5 dxc5 17. Nb3 c4 18. Ka2 cxb3+ 19. cxb3 b4 20. Nb1 bxa3 21.
Nxa3 Bb4 22. Qb2 Qa5 23. Bd2 Bb5 24. Bxb4 Qxb4 25. Rd4 Qa5 26. Rc1 e5 27. Rd2
Bxe2 28. Rxe2 Rfd8 29. Qc3 Qxc3 30. Rxc3 Nd7 31. Rd2 Nf8 32. Rcd3 Rxd3 33. Rxd3
Ne6 34. Nc4 f6 35. Rd6 Nd4 36. Nd2 Rc8 37. Nc4 Nxf3 38. h3 Ng5 39. h4 Nxe4 40.
Rxa6 Rb8 41. Rc6 Nf2 42. g5 hxg5 43. hxg5 Kf7 44. Kb2 e4 45. gxf6 gxf6 46. Kc3
Ke7 47. Ne3 Rd8 48. Kc4 Kf7 49. Nd5 Ng4 50. b4 Ne5+ 0-1

[Event "First Saturday 2009 augusztus FM-B"]
[Site "Budapest"]
[Date "2009.08.04"]
[Round "4"]
[White "Kabai, Zsuzsanna"]
[Black "Katona, Gabor Zsolt"]
[Result "1-0"]
[WhiteElo "2062"]
[BlackElo "1977"]
[PlyCount "73"]
[EventDate "2009.08.01"]

1. d4 d5 2. c4 c6 3. Nf3 Nf6 4. Qb3 e6 5. Bg5 Nbd7 6. e3 Bd6 7. Nc3 O-O 8. Bd3
dxc4 9. Bxc4 Qc7 10. O-O h6 11. Bh4 e5 12. dxe5 Nxe5 13. Nxe5 Bxe5 14. Bg3 Bxg3
15. hxg3 b5 16. Be2 Be6 17. Qc2 a6 18. Bf3 Rac8 19. Rac1 Qb6 20. Rfd1 Rfd8 21.
a3 a5 22. Ne2 c5 23. Nf4 c4 24. Ne2 b4 25. axb4 axb4 26. Rxd8+ Qxd8 27. Nd4 Bd5
28. Qd2 Qe7 29. Bxd5 Nxd5 30. Nf5 Qe5 31. Qxd5 Qxb2 32. Rxc4 Rxc4 33. Ne7+ Kh7
34. Qxc4 Qa1+ 35. Kh2 Qf6 36. Qe4+ Kh8 37. Qa8+ 1-0

[Event "First Saturday 2009 augusztus FM-B"]
[Site "Budapest"]
[Date "2009.08.04"]
[Round "4"]
[White "Borda, Lajos"]
[Black "Yip, Michael"]
[Result "1/2-1/2"]
[WhiteElo "2070"]
[BlackElo "2045"]
[PlyCount "59"]
[EventDate "2009.08.01"]

1. e4 e5 2. Bc4 Nf6 3. Qe2 Nc6 4. c3 Be7 5. Bb3 d6 6. d3 a6 7. Nf3 b5 8. Nbd2
Bb7 9. Nf1 Na5 10. Bc2 c5 11. Ng3 g6 12. Bh6 Ng4 13. Bd2 Nc6 14. h3 Nf6 15. Bh6
Bf8 16. Qe3 Ng8 17. Bxf8 Kxf8 18. O-O Kg7 19. Nh2 f6 20. f4 Qe7 21. Rae1 Rd8
22. fxe5 dxe5 23. Rf2 Nh6 24. Nf3 Bc8 25. Bb3 Rhe8 26. Bd5 Qd6 27. Nh4 Ne7 28.
c4 b4 29. Ref1 Rf8 30. Nf3 1/2-1/2

[Event "First Saturday 2009 augusztus FM-B"]
[Site "Budapest"]
[Date "2009.08.04"]
[Round "4"]
[White "Christensen, Henrik"]
[Black "Trajber, Csaba dr"]
[Result "0-1"]
[WhiteElo "2080"]
[BlackElo "2099"]
[PlyCount "94"]
[EventDate "2009.08.01"]

1. Nf3 d5 2. d4 Nf6 3. e3 e6 4. Bd3 Nbd7 5. c4 c6 6. Nc3 dxc4 7. Bxc4 b5 8. Bd3
a6 9. O-O c5 10. Qe2 Bb7 11. b3 cxd4 12. exd4 Be7 13. Bg5 O-O 14. Rad1 Re8 15.
Ne5 Qc7 16. Rc1 Qd6 17. Rfd1 Rac8 18. Bf4 Qb4 19. Nxd7 Nxd7 20. Ne4 Rxc1 21.
Bxc1 Nf6 22. Bd2 Qxd4 23. Bc3 Qb6 24. Nxf6+ Bxf6 25. Bxf6 gxf6 26. Qg4+ Kf8 27.
Qh4 Qc6 28. Bf1 Qc2 29. Rd4 Ke7 30. Rd3 Rc8 31. b4 Bd5 32. Qxh7 Qxa2 33. Qh3
Rc4 34. Qg3 Qb1 35. Qe3 Kd7 36. Qa7+ Kd8 37. Qxf7 Rc1 38. Qxf6+ Kd7 39. Qg7+
Kd6 40. Qf8+ Kd7 41. Qg7+ Kc6 42. Rc3+ Bc4 43. Rxc1 Qxc1 44. h3 Qxf1+ 45. Kh2
Qxf2 46. Qe7 Qf4+ 47. Kg1 Qd4+ 0-1

[Event "First Saturday 2009 augusztus FM-B"]
[Site "Budapest"]
[Date "2009.08.04"]
[Round "4"]
[White "Sipos, Gabor"]
[Black "Paouris, Nikolaos"]
[Result "1-0"]
[WhiteElo "2185"]
[BlackElo "1897"]
[PlyCount "69"]
[EventDate "2009.08.01"]

1. d4 d5 2. Nf3 Nf6 3. c4 dxc4 4. e3 e6 5. Bxc4 c5 6. O-O a6 7. a4 Nc6 8. Qe2
cxd4 9. Rd1 Be7 10. exd4 O-O 11. Bg5 Nd5 12. Bxd5 Bxg5 13. Bxc6 bxc6 14. Nc3
Be7 15. Rac1 Qb6 16. Ne4 Bb7 17. Qc4 Rfd8 18. Nc5 Rac8 19. a5 Qc7 20. b4 Bxc5
21. dxc5 e5 22. Ng5 Rd5 23. Ne4 Rcd8 24. Nd6 Kf8 25. Qh4 Rxd1+ 26. Rxd1 h6 27.
Qh5 f6 28. f4 exf4 29. Re1 Kg8 30. h3 Rf8 31. Nf5 Qf7 32. Qxf7+ Rxf7 33. Nd6
Rd7 34. Re8+ Kh7 35. Rb8 1-0

[Event "First Saturday 2009 augusztus FM-B"]
[Site "Budapest"]
[Date "2009.08.04"]
[Round "4"]
[White "Jensen, Leif"]
[Black "Bryn, Thomas"]
[Result "1/2-1/2"]
[WhiteElo "2027"]
[BlackElo "2024"]
[PlyCount "100"]
[EventDate "2009.08.01"]

1. e4 e5 2. Nc3 Nf6 3. f4 d5 4. fxe5 Nxe4 5. Nf3 Bc5 6. d4 Bb4 7. Qd3 c5 8. Bd2
Nc6 9. Nxe4 dxe4 10. Qxe4 Bxd2+ 11. Nxd2 Qxd4 12. Bb5 Bd7 13. O-O-O O-O-O 14.
Rhe1 Kc7 15. Nc4 Qxe4 16. Rxe4 Be6 17. Bxc6 Rxd1+ 18. Kxd1 Kxc6 19. Ne3 Rd8+
20. Ke2 Rd4 21. Kf3 Rd2 22. Rf4 b5 23. a3 c4 24. a4 a6 25. axb5+ axb5 26. Ke4
Kc5 27. Rf1 b4 28. Ra1 b3 29. cxb3 cxb3 30. Ra7 Rxb2 31. Kd3 Rf2 32. Rb7 Ra2
33. Kc3 Ra6 34. Nd1 Kd5 35. Rxb3 Kxe5 36. Rb2 Ra2 37. Rxa2 Bxa2 38. Kd3 Bd5 39.
g3 Bb7 40. Ke3 f6 41. Nf2 f5 42. h4 Ba6 43. Nh3 Bb5 44. Ng5 h6 45. Nf3+ Kf6 46.
Kf4 Bc6 47. Nd4 g5+ 48. hxg5+ hxg5+ 49. Ke3 Bd5 50. Ne2 Ke5 1/2-1/2

[Event "First Saturday 2009 augusztus FM-B"]
[Site "Budapest"]
[Date "2009.08.05"]
[Round "5"]
[White "Paouris, Nikolaos"]
[Black "Jensen, Leif"]
[Result "0-1"]
[WhiteElo "1897"]
[BlackElo "2027"]
[PlyCount "56"]
[EventDate "2009.08.01"]

1. e4 e6 2. d4 d5 3. Nc3 dxe4 4. Nxe4 Nd7 5. Nf3 Ngf6 6. Bd3 Nxe4 7. Bxe4 Nf6
8. Bg5 Be7 9. Bxf6 Bxf6 10. Qd3 g6 11. Bxb7 Bxb7 12. Qb5+ Qd7 13. Qxb7 O-O 14.
Qe4 c5 15. O-O-O Rab8 16. h4 Qa4 17. Kb1 Rb6 18. Rd3 c4 19. Re3 Rfb8 20. b3 Ra6
21. Rh3 Qxa2+ 22. Kc1 cxb3 23. Rxb3 Rxb3 24. cxb3 Qxb3 25. Qc2 Ra1+ 26. Kd2 Ra2
27. Ne1 Rxc2+ 28. Nxc2 Qb7 0-1

[Event "First Saturday 2009 augusztus FM-B"]
[Site "Budapest"]
[Date "2009.08.05"]
[Round "5"]
[White "Trajber, Csaba dr"]
[Black "Sipos, Gabor"]
[Result "1-0"]
[WhiteElo "2099"]
[BlackElo "2185"]
[PlyCount "115"]
[EventDate "2009.08.01"]

1. e4 d6 2. d4 Nf6 3. Nc3 g6 4. Be3 Bg7 5. Qd2 c6 6. f3 O-O 7. h4 e5 8. O-O-O
Qe7 9. Bg5 Nbd7 10. h5 Rd8 11. hxg6 hxg6 12. f4 Re8 13. fxe5 dxe5 14. d5 Nc5
15. Qe1 cxd5 16. Nxd5 Nxd5 17. Bxe7 Nxe7 18. Qh4 Be6 19. Bb5 Nc6 20. Nf3 f6 21.
Nd2 a6 22. Bc4 b5 23. Bd5 Rac8 24. Kb1 Nb4 25. Nb3 Nxd5 26. exd5 Bf5 27. Rd2
Ne4 28. Re2 Rc4 29. Qe1 Nd6 30. Rh4 e4 31. Qg3 Re5 32. Rh1 e3 33. Rxe3 Bxc2+
34. Ka1 Nf5 35. Rxe5 Nxg3 36. Re8+ Kf7 37. Rhe1 Be4 38. Rd8 f5 39. Rd7+ Kf8 40.
d6 Bf6 41. Rc7 Be5 42. Rxc4 bxc4 43. d7 Ke7 44. Rd1 Bc7 45. Nc5 Bxg2 46. Nxa6
Bb6 47. d8=Q+ Bxd8 48. Rg1 f4 49. Rxg2 Kf6 50. Nc5 Kf5 51. Kb1 Kg4 52. b4 Kf3
53. Rd2 Bb6 54. a4 g5 55. a5 Ba7 56. Rd7 Bb8 57. Rb7 Be5 58. a6 1-0

[Event "First Saturday 2009 augusztus FM-B"]
[Site "Budapest"]
[Date "2009.08.05"]
[Round "5"]
[White "Yip, Michael"]
[Black "Christensen, Henrik"]
[Result "1/2-1/2"]
[WhiteElo "2045"]
[BlackElo "2080"]
[PlyCount "113"]
[EventDate "2009.08.01"]

1. d4 d5 2. c4 c6 3. Nf3 Nf6 4. Nc3 e6 5. Bg5 Nbd7 6. e3 Bb4 7. cxd5 exd5 8. a3
Bxc3+ 9. bxc3 Qa5 10. Qb3 Ne4 11. Rc1 Nxg5 12. Nxg5 h6 13. Nf3 O-O 14. Bd3 Nf6
15. O-O c5 16. dxc5 Qxc5 17. Nd4 Qd6 18. Qb4 Qe5 19. Ne2 b6 20. Qd4 Qe7 21. a4
Rb8 22. Rb1 Ne4 23. Rfd1 Nc5 24. a5 Nxd3 25. Qxd3 Bg4 26. f3 Be6 27. axb6 Rxb6
28. Rxb6 axb6 29. Rb1 Qc7 30. Qd4 Rb8 31. Rb5 Qc4 32. Rb2 b5 33. Kf2 Qc7 34. h3
Qa5 35. Qb4 Qc7 36. Qd4 Qa5 37. Nf4 Rc8 38. Ne2 Qa4 39. Qb4 Bd7 40. Nd4 Qxb4
41. cxb4 Rc4 42. Ke2 Kf8 43. Kd2 Ke7 44. g4 Kd6 45. Nc2 h5 46. Rb3 hxg4 47.
hxg4 f5 48. gxf5 Bxf5 49. Nd4 Bd7 50. f4 Ke7 51. Rb2 Kf6 52. Nf3 Be8 53. Ne5
Re4 54. Nf3 Rc4 55. Rb3 Bh5 56. Nd4 Be8 57. Nf3 1/2-1/2

[Event "First Saturday 2009 augusztus FM-B"]
[Site "Budapest"]
[Date "2009.08.05"]
[Round "5"]
[White "Katona, Gabor Zsolt"]
[Black "Borda, Lajos"]
[Result "0-1"]
[WhiteElo "1977"]
[BlackElo "2070"]
[PlyCount "80"]
[EventDate "2009.08.01"]

1. e4 c5 2. Nf3 a6 3. d4 cxd4 4. Nxd4 Nf6 5. Nc3 e5 6. Nf3 Bb4 7. Bc4 Qc7 8.
Qd3 O-O 9. Bd2 Bxc3 10. Bxc3 Nc6 11. O-O d6 12. a4 Be6 13. Bxe6 fxe6 14. Ng5
Qe7 15. f4 exf4 16. Rxf4 Nh5 17. Rxf8+ Rxf8 18. Nf3 Nf4 19. Qe3 e5 20. Rd1 Qe6
21. g3 Qg4 22. Rxd6 Nh3+ 23. Kg2 Nf4+ 24. Kh1 Nh3 25. Rd3 Qxe4 26. Qxe4 Nf2+
27. Kg1 Nxe4 28. Bxe5 Nc5 29. Ra3 Nxa4 30. Rxa4 Rxf3 31. Bf4 g5 32. Kg2 g4 33.
h3 h5 34. hxg4 hxg4 35. Bd6 Rf7 36. Rxg4+ Kh7 37. Rf4 Rd7 38. Bc5 Kg6 39. Rf2
Rd5 40. Bf8 Ne5 {Time} 0-1

[Event "First Saturday 2009 augusztus FM-B"]
[Site "Budapest"]
[Date "2009.08.05"]
[Round "5"]
[White "Lakat, Gyula"]
[Black "Kabai, Zsuzsanna"]
[Result "1/2-1/2"]
[WhiteElo "1970"]
[BlackElo "2062"]
[PlyCount "45"]
[EventDate "2009.08.01"]

1. e4 c6 2. d4 d5 3. e5 Bf5 4. g4 Be4 5. f3 Bg6 6. h4 h5 7. Bd3 Bxd3 8. Qxd3 e6
9. g5 Ne7 10. Ne2 g6 11. Ng3 Na6 12. c3 Qd7 13. b4 O-O-O 14. a4 Nc7 15. Na3 Ne8
16. Be3 Ng7 17. Bf2 Ngf5 18. Nxf5 Nxf5 19. Ke2 Qc7 20. Nb1 Kd7 21. Nd2 Be7 22.
Nb3 Rb8 23. f4 1/2-1/2

[Event "First Saturday 2009 augusztus FM-B"]
[Site "Budapest"]
[Date "2009.08.06"]
[Round "6"]
[White "Borda, Lajos"]
[Black "Lakat, Gyula"]
[Result "1-0"]
[WhiteElo "2070"]
[BlackElo "1970"]
[PlyCount "49"]
[EventDate "2009.08.01"]

1. e4 c5 2. c3 Nf6 3. e5 Nd5 4. d4 e6 5. Bd3 cxd4 6. cxd4 Nc6 7. Nf3 Qb6 8. Bc4
Bb4+ 9. Ke2 Be7 10. Re1 f6 11. Kf1 O-O 12. Bxd5 exd5 13. Nc3 fxe5 14. Kg1 Nxd4
15. Nxe5 Ne6 16. Nxd5 Qxf2+ 17. Kh1 Bh4 18. g3 Bxg3 19. hxg3 Qxg3 20. Re3 Qh4+
21. Kg1 Qf2+ 22. Kh1 Nf4 23. Nxf4 Qxf4 24. Qd5+ Kh8 25. Ng6+ 1-0

[Event "First Saturday 2009 augusztus FM-B"]
[Site "Budapest"]
[Date "2009.08.06"]
[Round "6"]
[White "Christensen, Henrik"]
[Black "Katona, Gabor Zsolt"]
[Result "1-0"]
[WhiteElo "2080"]
[BlackElo "1977"]
[PlyCount "91"]
[EventDate "2009.08.01"]

1. d4 d5 2. Nf3 Nf6 3. c4 c6 4. e3 e6 5. Nc3 Nbd7 6. Bd3 dxc4 7. Bxc4 b5 8. Bd3
a6 9. e4 c5 10. O-O Bb7 11. Bg5 Qb6 12. d5 c4 13. Bc2 Bc5 14. dxe6 Qxe6 15. Nd5
Rc8 16. Nf4 Qb6 17. Nd5 Bxd5 18. exd5 O-O 19. Qd2 Rfe8 20. Rfe1 Ng4 21. Bh4
Nde5 22. Nxe5 Nxe5 23. Re2 f6 24. Rae1 Rc7 25. Bf5 Rce7 26. Be6+ Kh8 27. Rxe5
fxe5 28. Bxe7 Rxe7 29. Rxe5 Qd8 30. Qe2 Bd4 31. Re4 Bc5 32. Qf3 h6 33. h3 Bd4
34. Rxd4 Rxe6 35. Rf4 Re8 36. g3 Qd6 37. Rd4 Rf8 38. Qe3 Qc5 39. d6 Rd8 40. d7
Qc7 41. Qe8+ Kh7 42. Qe7 a5 43. h4 b4 44. g4 c3 45. Qe4+ Kh8 46. Qe8+ 1-0